000 01643nam a22002777a 4500
005 20120112143825.0
008 120112t xxu||||| |||| 00| 0 mar d
010 _aMAR-22129
020 _c100.00
_a9788177865349
035 _aMR-14787
037 _bDBAD/PUB
040 _aDPL
_bMR
082 _a158.1
100 _939079
_aबत्रा, प्रमोद
245 _a601 जादुई विचार :
_cप्रमोद बत्रा [तथा] विजय बत्रा ; सारंग टाकळकर द्वारा अनुवादित
_bसफल व्यक्त्तिमत्वासाठी यश,उत्कर्ष आणि संपत्ती वाढविण्यासाठी /
246 _a601 Jadui Vichar : Safal Vyaktimatavasathi Yash,Utkarsh Aani Sampati Wadvinayasathi
_bby Pramod Batra and Vijay Batra
260 _aऔरंगाबाद
_bसाकेत प्रकाशन
_c2012
270 _a115,म. गांधीनगर,स्टेशन रोड,
_bऔरंगाबाद
_e431005
300 _a144पृ
_c21सेमी(अजिल्द)
650 _aव्यक्त्तिमत्व विकास
_947543
650 _aPersonality Development
_947544
700 _aबत्रा, विजय
_947545
700 _aटाकळकर, सारंग
_947546
942 _2ddc
_cMR
_mबत्राप्र
_h158.1
999 _c66938
_d66938